Song learning and production in the white-crowned sparrow: parallels with sexual imprinting (Registro nro. 9529)

Detalles MARC
000 -CABECERA
Campo de control 006550000a22002050004500
090 ## - CLASIFICACIÓN LOCAL
Colección AR
Consecutivo 00433
041 0# - IDIOMA
Código de idioma para texto/pista de sonido o título separado
100 1# - ASIENTO PRINCIPAL--NOMBRE PERSONAL
Nombre personal Baptista, Luis F.
245 10 - MENCION DE TITULO
Título Song learning and production in the white-crowned sparrow: parallels with sexual imprinting
650 14 - ASIENTO SECUNDARIO DE MATERIA - TERMINO TEMATICO
Término temático o nombre geográfico como elemento de entrada Aves
650 14 - ASIENTO SECUNDARIO DE MATERIA - TERMINO TEMATICO
Término temático o nombre geográfico como elemento de entrada Ornitología
650 14 - ASIENTO SECUNDARIO DE MATERIA - TERMINO TEMATICO
Término temático o nombre geográfico como elemento de entrada Reproducción animal
650 14 - ASIENTO SECUNDARIO DE MATERIA - TERMINO TEMATICO
Término temático o nombre geográfico como elemento de entrada Cantos de aves
650 14 - ASIENTO SECUNDARIO DE MATERIA - TERMINO TEMATICO
Término temático o nombre geográfico como elemento de entrada Gorrión
653 ## - TERMINO DE INDIZACION - NO CONTROLADO
-- Taeniopygia
-- Taenopygia guttata
700 1# - ASIENTO SECUNDARIO - NOMBRE PERSONAL
Nombre personal Bell, Douglas A.
700 1# - ASIENTO SECUNDARIO - NOMBRE PERSONAL
Nombre personal Trail, Pepper W.
773 1# - Item fuente:
Título Netherland Journal of Zoology
Especificación de materiales 174
Descripción física 1-2
Paginas del Articulo 17-33
Lugar, editorial y fecha de publicación 1993
Información sobre la relación 43
942 ## - ELEMENTOS ADICIONALES (KOHA)
Tipo de ítem Artículo
Existencias
Withdrawn status Lost status Damaged status No para préstamo Colección Ubicación Permanente Ubicación actual Fecha de adquisición Datos de publicación Seriada Total Checkouts Número topográfico Inventario / Código de Barras Date last seen Ejemplar Price effective from Forma de adquisición Tipo de material
      No para Préstamo Hemeroteca Bogotá Bogotá 27/02/2015 Fuera de circulación   AR 00433 010710 25/03/2015 1 25/03/2015   Artículo